|
|
|
|
| LEADER |
01389nam a2200277 u 4500 |
| 001 |
10031247 |
| 003 |
upatras |
| 005 |
20210117210104.0 |
| 008 |
991203m1999 gr eng |
| 040 |
|
|
|a GR-PaULI
|c GR-PaULI
|
| 041 |
0 |
|
|a eng
|
| 082 |
0 |
4 |
|a 543.08
|
| 245 |
1 |
0 |
|a Instrumental methods of analysis
|b modern trends and applications
|b proceedings...[of]
|c International Conference on Instrumental Methods of Analysis, 19-22 September 1999, Chalkidiki, Greece
|
| 246 |
1 |
3 |
|a IMA '99
|
| 260 |
|
|
|a Athens
|b National Technical University of Athens
|c 1999
|
| 300 |
|
|
|a 2 v.
|b fig., tab.
|c 24 cm.
|
| 504 |
|
|
|a Includes references and index
|
| 505 |
0 |
|
|a v.1. - xxi, 311 p. --
|a v.2. - xx, 313-666 p.
|
| 650 |
|
4 |
|a Χημεία, Αναλυτική
|x
|9 480
|
| 852 |
|
|
|a GR-PaULI
|b ΠΑΤΡΑ
|b ΒΚΠ
|b ΒΣ1
|k ΑΣΧΞ
|h 543.08 IMA
|m 052433
|p 025000073399
|t 1
|3 v.1
|
| 852 |
|
|
|a GR-PaULI
|b ΠΑΤΡΑ
|b ΒΚΠ
|b ΒΣ1
|k ΑΣΧΞ
|h 543.08 IMA
|m 052434
|p 025000073400
|t 1
|3 v.2
|
| 942 |
|
|
|2 ddc
|c BK15
|
| 952 |
|
|
|0 0
|1 0
|3 v.1
|4 0
|6 543_080000000000000_IMA
|7 0
|9 201016
|a LISP
|b LISP
|c BSC
|d 2016-04-24
|i 052433
|l 0
|o 543.08 IMA
|p 025000073399
|r 2016-04-24 00:00:00
|t 1
|w 2016-04-24
|y BK15
|
| 952 |
|
|
|0 0
|1 0
|3 v.2
|4 0
|6 543_080000000000000_IMA
|7 0
|9 201017
|a LISP
|b LISP
|c BSC
|d 2016-04-24
|i 052434
|l 0
|o 543.08 IMA
|p 025000073400
|r 2016-04-24 00:00:00
|t 1
|w 2016-04-24
|y BK15
|
| 998 |
|
|
|c ΔΡΑΚΟΠΟΥΛΟΥ
|d 1999-12
|
| 999 |
|
|
|c 123132
|d 123132
|